[Event "RUS-chT Premier League 2018"]
[Site "Sochi"]
[Date "2018.05.10"]
[Round "9"]
[White "Iljin, Artem"]
[Black "Antipov, Mikhail Al"]
[Result "0-1"]
[WhiteElo "2528"]
[BlackElo "2597"]
[Annotator "TA"]
[PlyCount "84"]
[EventDate "2018.??.??"]
[EventCountry "RUS"]
[SourceTitle "playchess.com"]
[Source "ChessBase"]
[SourceQuality "1"]

{[%evp 20,84,44,37,35,37,80,72,110,70,61,56,57,56,58,38,77,19,19,19,16,17,130,127,154,156,177,171,256,248,275,275,255,76,87,93,112,0,0,-649,-649,-649,-649,-649,-649,-649,-649,-580,-580,-579,-534,-649,-649,-649,-649,-639,-597,-874,-866,-859,-815,-814,-642,-1206,-879,-858,-748]} 1. d4 Nf6 2. Nf3 c6 3. c4 d5 4. e3 Bf5 5. Nc3 e6 6. Nh4 Be4 7. f3 Bg6 8. Qb3 Qc7 9. Bd2 {D12: Slav Defence: 3 Nf3 Nf6 4 e3 Bf5} a6 10. Rc1 dxc4 11. Bxc4 {LiveBook: 5 Games. White is slightly better.} b5 $146 ({Predecessor:} 11... Nbd7 12. a4 Be7 13. g3 Bh5 14. O-O O-O 15. Ng2 Rad8 16. Nf4 Kh8 {½-½ (34) So,W (2822)-Caruana,F (2817) chess.com INT 2017}) 12. Be2 c5 13. dxc5 Nc6 14. a3 Rd8 15. Nxg6 hxg6 16. g3 $1 g5 17. Qc2 Ne5 $1 18. Ne4 (18. b4 $16) 18... Nxe4 $11 19. Qxe4 ({Don't take} 19. fxe4 $6 Be7 $16) 19... f5 $1 {[%cal Rf5e4]} 20. Qc2 {And now b4 would win.} Be7 {[#]} (20... g4 $11 {remains equal.} 21. fxg4 Qc6) 21. b4 $1 $16 Kf7 22. O-O Rh3 23. Rf2 Rdh8 (23... Bf6 $142 24. e4 g6) 24. f4 $18 gxf4 25. exf4 (25. gxf4 Qc6 $16) 25... Qc6 26. Rg2 $2 (26. Qb3 $18 {is the precise move to win.} Nc4 27. Bf3) 26... Nf3+ $16 27. Bxf3 $1 Qxf3 28. Re1 (28. Rf1 $16 Qxa3 29. c6) 28... Bf6 $40 {[%mdl 128] White needs to defend precisely.} 29. Re3 $2 {[%mdl 8192]} (29. Qc1 $11) 29... Bd4 $19 {[#] ( -> ...Rxh2). Black is clearly winning.} 30. Qb3 R8h6 31. Qd3 Qd1+ 32. Qf1 Bxe3+ 33. Bxe3 Qxf1+ 34. Kxf1 Rxh2 35. Rxh2 Rxh2 {[%mdl 4096] Endgame KR-KB} 36. Bf2 Ke7 37. Kg1 Rh5 38. Bd4 g5 39. Kg2 Kd7 40. Be3 gxf4 41. gxf4 Kc6 42. Bd4 Rh7 {Precision: White = 38%, Black = 66%.} 0-1

[Event "RUS-chT Premier League 2018"]
[Site "Sochi"]
[Date "2018.05.10"]
[Round "9"]
[White "Chernobay, Artem"]
[Black "Pershin, Denis"]
[Result "1/2-1/2"]
[WhiteElo "2510"]
[BlackElo "2392"]
[Annotator "TA"]
[PlyCount "199"]
[EventDate "2018.??.??"]
[EventCountry "RUS"]
[SourceTitle "playchess.com"]
[Source "ChessBase"]
[SourceQuality "1"]

{[%evp 21,199,-11,-9,-22,-18,-11,0,-14,17,-6,14,14,13,8,18,8,8,0,0,0,0,0,0,0,15,9,9,0,5,0,7,6,15,0,0,-7,-1,-4,-5,-6,-5,-5,-9,-54,-51,-57,-47,-43,-8,-36,-22,-59,-27,-72,-72,-69,-30,-33,-20,-73,-75,-95,-54,-70,-54,-58,-30,-30,-30,-37,0,0,0,0,0,0,0,0,0,-2,0,-14,0,-3,-8,-3,-6,-8,-2,-2,-2,-2,0,-3,0,0,0,0,0,0,0,0,0,0,0,0,0,0,0,0,0,0,0,0,0,-7,-10,-19,-10,-27,0,0,0,-39,0,0,0,0,0,0,0,-6,0,-13,0,0,0,-8,0,0,0,0,0,0,0,0,0,0,0,0,0,0,0,0,0,0,0,0,0,0,0,0,0,0,0,0,0,0,0,0,0,0,0,0,0,0,0,0,0,0]} 1. e4 c6 2. d4 d5 3. e5 Bf5 4. Nf3 e6 5. Be2 c5 6. O-O Nc6 7. Be3 cxd4 8. Nxd4 Nge7 9. c4 {B12: Caro-Kann: Advance Variation} (9. Bb5 a6 10. Bxc6+ bxc6 11. c4 Qd7 12. Nc3 dxc4 13. Na4 Nd5 14. Nxf5 exf5 15. Rc1 c3 16. Qc2 Be7 17. Nxc3 Nxe3 18. fxe3 {1-0 (26) Nepomniachtchi,I (2733)-Laznicka,V (2654) Heraklio 2017}) 9... Nxd4 10. Bxd4 dxc4 11. Qa4+ Nc6 {LiveBook: 5 Games} 12. Rd1 Be7 $146 ({Predecessor:} 12... Bd3 13. Be3 Qd7 14. Bxd3 cxd3 15. Nc3 Bb4 16. Qb5 Bxc3 17. bxc3 {0-1 (39) Zubarev,A (2597)-Sumets,A (2587) Metz 2012}) 13. Na3 {[%cal Bb1a3,Ba3b5,Bb5d6][%mdl 32]} O-O 14. Bc3 Qc7 (14... Qe8 $5 {[%cal Ra7a6]} 15. Nb5 Qb8 $11) 15. Nb5 Qb6 16. Nd6 Rad8 17. Nxf5 ({But not} 17. Qxc4 Nxe5 18. Bxe5 Bxd6 $15) 17... exf5 18. Qxc4 Bc5 19. Qf4 Bd4 20. Qxf5 Bxc3 21. bxc3 Qc5 22. Bf3 Nxe5 23. Bxb7 Qxc3 24. h4 g6 25. Qf4 Nd3 26. Qf3 Qe5 27. g3 Rd6 28. Rab1 Rfd8 29. Qe3 $132 {[%mdl 2048] White is not keeping still} Qxe3 30. fxe3 Ne5 31. Rxd6 Rxd6 $11 {[%mdl 4096] Endgame KRB-KRN} 32. Rb2 Ng4 33. e4 Rd3 34. Kg2 Ne3+ 35. Kh3 h5 36. Bc6 Kg7 (36... a5 {with more complications.} 37. a4 Rd6 38. Rb6 Kg7 39. Ra6 Nd1) 37. Rf2 Rd1 38. e5 Re1 39. Bf3 Nc4 40. Rc2 (40. e6 $11) 40... Nxe5 $17 41. Bd5 Rd1 42. Rc5 Rd2 43. Ra5 f6 44. Rxa7+ Kh6 45. Bg2 g5 46. hxg5+ fxg5 47. Ra6+ Kg7 48. Ra7+ Kf8 49. Ra8+ Ke7 {[#] aiming for ...g4+.} 50. Ra7+ $1 Kd6 51. Ra6+ Kc7 52. Ra7+ Kb6 53. Rb7+ Kc5 54. Rb1 Rxa2 {Threatening ...Rd2.} 55. Rd1 {[#] Black must now prevent Rd5+.} g4+ 56. Kh2 Nf3+ 57. Kh1 Nd2 58. Kg1 Kd4 59. Kf2 Ke5 {And now ...Nc4+ would win.} 60. Re1+ Kd4 {Strongly threatening ...Ne4+.} 61. Rd1 Kd3 62. Bf1+ Kc2 63. Re1 $1 Ra5 64. Bg2 Kd3 65. Re3+ Kd4 {Threatens to win with ...Ra2.} 66. Re8 Nc4 67. Rd8+ Ke5 68. Re8+ Kf6 69. Re2 Nd6 70. Rd2 Nf5 {...Ra3 is the strong threat.} 71. Be4 Ne7 72. Bg2 Ra3 73. Be4 {The position is equal.} Ra4 74. Re2 Nc8 75. Bd5 Rd4 76. Ba2 Nd6 77. Bb1 Nb5 78. Ke3 Rd5 {Hoping for ...Re5+.} 79. Bd3 Nd6 80. Rb2 Nf5+ 81. Bxf5 $1 Rxf5 $11 {KR-KR} 82. Ke4 Rf3 83. Rb6+ Kg5 84. Rb5+ Kg6 85. Rb6+ Rf6 86. Rb5 Re6+ 87. Kf4 Ra6 88. Rg5+ Kh6 {( -> ...Ra4+)} 89. Rb5 Rf6+ 90. Ke4 Rg6 91. Kf4 Ra6 92. Kf5 Rc6 93. Rb8 Rc5+ 94. Kf6 {[%cal Rb8h8]} Rc6+ (94... Rc7 {keeps more tension.} 95. Rh8+ Rh7 96. Rxh7+) 95. Kf5 Rc3 96. Rh8+ Kg7 97. Rxh5 Rxg3 98. Rg5+ Kf7 99. Rxg4 Rxg4 100. Kxg4 {Precision: White = 70%, Black = 51%.} 1/2-1/2

[Event "RUS-chT Premier League 2018"]
[Site "Sochi"]
[Date "2018.05.10"]
[Round "9"]
[White "Gutenev, Alexander"]
[Black "Tsydypov, Zhamsaran"]
[Result "1/2-1/2"]
[WhiteElo "2474"]
[BlackElo "2525"]
[Annotator "TA"]
[PlyCount "85"]
[EventDate "2018.??.??"]
[EventCountry "RUS"]
[SourceTitle "playchess.com"]
[Source "ChessBase"]
[SourceQuality "1"]

{[%evp 28,85,12,5,21,21,32,17,64,12,78,74,95,88,105,35,106,78,85,73,110,49,39,31,28,14,51,32,31,45,40,38,33,31,31,31,31,39,58,0,0,0,0,-49,-38,-45,-37,-29,-6,0,-8,-17,-27,-33,-3,0,0,0,0,0]} 1. e4 c5 2. Nf3 Nc6 3. d4 cxd4 4. Nxd4 Nf6 5. Nc3 e5 6. Ndb5 d6 7. Bg5 a6 8. Na3 b5 9. Nd5 Be7 10. Bxf6 Bxf6 11. c4 b4 {B33: Sicilian: Pelikan and Sveshnikov Variations} 12. Nc2 O-O 13. g3 Bg5 14. Bg2 a5 15. O-O {LiveBook: 142 Games} Ra7 (15... Ne7 16. Nce3 Bxe3 17. Nxe3 Be6 18. Rc1 Nc6 19. Nf5 {1-0 (54) Harikrishna,P (2744)-Yu,Y (2751) Huaian 2017}) 16. Qd3 Be6 17. Rad1 Rd7 18. Kh1 $146 (18. f4 $14 Bh6 19. Qe2) ({Predecessor:} 18. f4 exf4 19. gxf4 Bh6 20. Nde3 Qb6 {½-½ (44) Sanal,V (2487)-Oparin,G (2562) Moscow 2015}) 18... g6 (18... Ne7 $11) 19. f4 $16 exf4 20. gxf4 Bh6 21. Nde3 (21. Qg3 $16) 21... Qc7 (21... Qh4 $14 22. f5 Ne5) 22. Nf5 Bg7 23. b3 ({Stronger than} 23. Nxd6 {[#]} Ne5 $1 $17 {[%mdl 512]}) 23... Bc3 24. Nce3 ({White should try} 24. Nfe3 $16) 24... Rdd8 $1 $14 25. Ng3 Qa7 26. Nd5 Bxd5 27. exd5 Ne7 28. f5 f6 29. fxg6 hxg6 30. Ne2 Be5 $1 31. Nf4 Bxf4 32. Rxf4 Kg7 33. Rff1 (33. Rdf1 $14) 33... Rh8 $11 34. Rde1 Rh5 35. Re6 Nf5 36. h3 Rg5 {...Ng3+ is the strong threat.} 37. Kh2 Rd7 38. Qd2 Re7 39. Rfe1 Rxe6 40. dxe6 Nh4 41. Bh1 $1 {[#] Hoping for e7.The position is equal.} Re5 42. Rxe5 fxe5 43. Be4 {Precision: White = 41%, Black = 64%.} 1/2-1/2

[Event "RUS-chT Premier League 2018"]
[Site "Sochi"]
[Date "2018.05.10"]
[Round "9"]
[White "Palchun, Grigory"]
[Black "Iljiushenok, Ilia"]
[Result "0-1"]
[WhiteElo "2454"]
[BlackElo "2516"]
[Annotator "TA"]
[PlyCount "74"]
[EventDate "2018.??.??"]
[EventCountry "RUS"]
[SourceTitle "playchess.com"]
[Source "ChessBase"]
[SourceQuality "1"]

{[%evp 10,74,28,20,17,0,64,50,60,22,37,-8,1,-38,-31,-96,-18,-27,-11,-47,-47,-13,-31,-37,-42,-37,-43,-63,-54,-68,-76,-164,-156,-156,-153,-162,-156,-349,-347,-358,-239,-255,-233,-458,-425,-503,-468,-499,-493,-687,-662,-887,-850,-801,-537,-555,-547,-676,-632,-881,-900,-839,-871,-1666,-1656,-1973,-1920]} 1. d4 Nf6 2. Bf4 g6 3. Nc3 d5 4. e3 a6 (4... Bg7 5. h4 h5 6. Nf3 Bg4 7. Be2 Bxf3 8. Bxf3 c6 9. Qd2 Nbd7 10. O-O-O b5 11. Kb1 {½-½ (34) Aronian,L (2797)-Vachier Lagrave,M (2793) Caleta 2018}) 5. Be2 Bg7 6. h4 {LiveBook: 5 Games. A45: Trompowsky Attack} h5 7. Nf3 c5 (7... c6 $11) 8. dxc5 $146 {White is slightly better.} ({Predecessor:} 8. Ne5 Nbd7 9. Rg1 e6 10. Bg5 Qb6 11. Qd2 Nxe5 12. dxe5 {0-1 (26) Melendez Lopez,E (1442)-Mejias Nunez,R (1629) San Juan 2017}) 8... Qa5 9. Qd2 O-O 10. Ne5 Nc6 11. Nd3 Re8 12. Rb1 (12. a3 $15) 12... Ne4 (12... e5 $17 {Hoping for ...d4.} 13. b4 Nxb4 14. Rxb4 exf4 15. Rxf4 Bf5) 13. Nxe4 $11 {[#] aiming for Qxa5.} Qxa2 14. Nf6+ Bxf6 15. O-O Bf5 16. Bg5 Bg7 17. f3 Qa5 $36 {[%mdl 2048] Black is pushing.} 18. b4 Qc7 $1 19. Nf2 a5 20. e4 (20. bxa5 $17 {was necessary.} Rxa5 21. Qxd5) 20... dxe4 $19 21. fxe4 Red8 22. Bd3 Be6 23. b5 $2 {[#]} (23. bxa5 $17 Nxa5 24. Bf4 Qxc5 25. Qb4 Qxb4 26. Rxb4) 23... Ne5 24. c6 bxc6 25. b6 Qb7 {And now ...a4 would win.} 26. Nh3 $2 (26. Qc1) 26... c5 {...Bxh3 is the strong threat.Black is clearly winning.} 27. Qf2 Nxd3 28. cxd3 Rxd3 29. Kh2 Bd4 30. Qc2 Rc3 31. Qd2 Rb3 32. Rxb3 Bxb3 33. Nf4 Qxb6 34. Bxe7 Qc7 35. Bg5 a4 {[%cal Ba5a4,Ba4a3,Ba3a2][%mdl 32]} 36. Kh1 a3 37. Ne2 a2 {Precision: White = 26%, Black = 82%.} 0-1

[Event "RUS-chT Premier League 2018"]
[Site "Sochi"]
[Date "2018.05.10"]
[Round "9"]
[White "Looshnikov, Nikolai"]
[Black "Bocharov, Dmitry"]
[Result "1/2-1/2"]
[WhiteElo "2435"]
[BlackElo "2594"]
[Annotator "TA"]
[PlyCount "64"]
[EventDate "2018.??.??"]
[EventCountry "RUS"]
[SourceTitle "playchess.com"]
[Source "ChessBase"]
[SourceQuality "1"]

{[%evp 22,64,37,25,36,25,39,31,31,26,42,0,15,15,24,11,21,19,35,33,44,29,36,0,62,58,61,46,45,37,60,0,0,0,55,0,0,0,36,0,0,0,57,15,27]} 1. e4 c5 2. c3 Nf6 3. e5 Nd5 4. d4 cxd4 5. Nf3 d6 6. Qxd4 e6 7. Nbd2 Nc6 {B22: Sicilian: 2 c3} 8. Bb5 Bd7 9. Bxc6 Bxc6 10. Nc4 dxe5 11. Ncxe5 f6 12. Nxc6 {LiveBook: 4 Games} bxc6 13. O-O e5 14. Qe4 Qd7 15. c4 {[#]} Ne7 $146 16. Qe2 Ng6 17. Rd1 Qc8 18. c5 Be7 19. Qc4 a5 20. Be3 Qa6 21. Qe6 {Threatens to win with Rd7.} Qc8 22. Qc4 Qa6 23. Qb3 a4 24. Qe6 {Strongly threatening Rd7.} Qc8 25. Qc4 $40 {[%mdl 128] White mounts an attack.} Qa6 26. Qe6 ({White should try} 26. Qc2 $14) 26... Qc8 $11 27. Qc4 (27. Qxc8+ $11 Rxc8 28. h4) 27... Qa6 $1 $14 {[%cal Ra6c4]} 28. Qe6 (28. Qc2 $14) 28... Qc8 $11 29. Qc4 Qa6 $1 {[%cal Ra6c4]} 30. Qe6 {Black must now prevent Rd7.} Qc8 31. Qc4 Qa6 32. Nd2 f5 {Precision: White = 36%, Black = 65%.} 1/2-1/2

[Event "RUS-chT Premier League 2018"]
[Site "Sochi"]
[Date "2018.05.10"]
[Round "9"]
[White "Faizrakhmanov, Ramil"]
[Black "Golubov, Saveliy"]
[Result "0-1"]
[WhiteElo "2419"]
[BlackElo "2491"]
[Annotator "TA"]
[PlyCount "62"]
[EventDate "2018.??.??"]
[EventCountry "RUS"]
[SourceTitle "playchess.com"]
[Source "ChessBase"]
[SourceQuality "1"]

{[%evp 12,62,2,-15,-6,-39,-37,-40,-16,-50,-50,-79,-93,-100,-75,-98,-88,-101,-105,-98,-106,-101,-102,-84,-90,-108,-97,-104,-102,-174,-164,-170,-167,-168,-154,-184,-181,-195,-194,-202,-187,-322,-316,-541,-532,-566,-542,-724,-703,-667,-650,-764,-777]} 1. c4 e5 2. Nc3 Nf6 3. Nf3 Nc6 4. e3 Be7 5. a3 d5 6. cxd5 {A28: English Opening: Four Knights Variation} Nxd5 7. Bb5 {LiveBook: 11 Games} (7. Qc2 O-O 8. b4 Nxc3 9. dxc3 Bd6 10. e4 a5 11. Rb1 axb4 12. axb4 Be6 13. Be2 Ra2 14. Rb2 Rxb2 15. Qxb2 Qe7 {½-½ (35) Shimanov,A (2646)-Liang,A (2545) Saint Louis 2017}) 7... O-O 8. O-O {The position is equal.} (8. Qc2 {looks sharper.} Bg4 9. Be2 Be6 10. O-O f5 11. d4) 8... Nxc3 9. dxc3 e4 {And now ...Qxd1 would win.} 10. Bxc6 $146 ({Predecessor:} 10. Nd4 Ne5 11. Qc2 Nd3 12. f3 a6 13. Bc4 {0-1 (35) Vigfusson,V (2271)-Reig Pinol,A (2381) ICCF email 2010}) 10... bxc6 11. Qxd8 Rxd8 12. Nd4 Bd7 $36 {[%mdl 2048] Black has strong initiative.} 13. b4 c5 14. bxc5 Bxc5 15. a4 Bf8 16. Ba3 {[#]} c5 $1 {[%cal Rc5d4]} 17. Nb3 Rdc8 18. c4 Rab8 19. Nd2 f5 {[%cal Bf7f5,Bf5g4][%mdl 32]} 20. g4 (20. Rfb1 $17 {keeps fighting.}) 20... fxg4 $19 21. Nxe4 Bf5 ({Worse is} 21... Bxa4 22. Bxc5 Bxc5 23. Rxa4 $11) 22. Nc3 Bd3 23. Rfc1 Bxc4 24. Ne4 Bd5 25. Nxc5 {[#]} Bf3 $1 26. Rc4 (26. e4 $142) 26... Rc6 27. Rac1 $2 (27. Rcc1 {was forced.}) 27... Rbc8 {Black is clearly winning.} 28. a5 Bd6 29. Bb4 g5 30. Kf1 Bxh2 31. Ke1 h5 {Precision: White = 44%, Black = 82%.} 0-1

[Event "RUS-chT Premier League 2018"]
[Site "Sochi"]
[Date "2018.05.10"]
[Round "9"]
[White "Palachev, Petr"]
[Black "Motylev, Alexander"]
[Result "0-1"]
[WhiteElo "2402"]
[BlackElo "2660"]
[Annotator "TA"]
[PlyCount "58"]
[EventDate "2018.??.??"]
[EventCountry "RUS"]
[SourceTitle "playchess.com"]
[Source "ChessBase"]
[SourceQuality "1"]

{[%evp 13,58,9,10,-5,2,-4,0,0,0,5,7,-14,11,-105,-89,-114,-111,-119,-87,-79,-91,-86,-86,-82,-14,-14,-27,-53,-27,-22,-28,-68,-60,-300,-293,-370,-328,-352,-338,-669,-384,-651,-635,-29988,-29989,-29989,-29990]} 1. Nf3 d5 2. g3 g6 3. Bg2 Bg7 4. d4 Nf6 5. O-O c6 6. c3 O-O 7. a4 {D02: 1 d4 d5 2 Nf3 sidelines, including 2...Nf6 3 g3 and 2...Nf6 3 Bf4} (7. Nbd2 Nbd7 8. Re1 c5 9. a4 cxd4 10. cxd4 a5 11. Nb1 Nb8 12. Nc3 Nc6 13. Ne5 Bf5 14. Bg5 Nb4 15. Rc1 Ne4 16. Be3 Nxc3 17. bxc3 {1-0 (28) Kramnik,V (2800)-Dubov,D (2701) Moscow 2018}) 7... a5 {LiveBook: 6 Games} 8. Bf4 Nh5 $146 ({Predecessor:} 8... b6 9. Nbd2 Nbd7 10. Re1 Bb7 11. Qb3 c5 12. Red1 Rc8 13. Ne5 e6 14. Ndf3 {1-0 (28) Garcia Ilundain,D (2500)-Bernal Moro,L (2430) Suances 1997}) 9. Be3 {The position is equal.} Nd7 10. Qc1 Re8 11. c4 Nhf6 {[%cal Bh5f6,Bf6d5,Bd5b4][%mdl 32]} 12. b3 e5 13. cxd5 (13. Nxe5 $11 Nxe5 14. dxe5) 13... Nxd5 $17 14. Bg5 Qb6 {And now ...e4 would win.} 15. e4 Nb4 16. dxe5 Nxe5 17. Nxe5 Bxe5 18. Nd2 Bd4 (18... Nd3 $17 19. Qb1 Bxa1 20. Qxa1 Bg4) 19. Nc4 $11 Qc5 20. Be3 Bg4 21. Bxd4 Qxd4 22. Re1 Rad8 $36 {[%mdl 2048] Threatens to win with ...Nd3. Black has good play.} 23. Qg5 $2 {[#]} (23. Bf1 $1 $15) 23... Nd3 $19 24. Ne3 Nxe1 25. Rxe1 Qc3 26. Nxg4 $2 (26. Rb1 Be2 27. h3) 26... Qxe1+ 27. Bf1 {intending Nh6+.} Rd1 {[%csl Gd1][%cal Re1f1] [#]} 28. Nh6+ Kf8 {[%csl Gd1][%cal Re1f1]} 29. Qc5+ Kg7 {Precision: White = 42%, Black = 68%.} 0-1

[Event "RUS-chT Premier League 2018"]
[Site "Sochi"]
[Date "2018.05.10"]
[Round "9"]
[White "Saveliev, Alexei"]
[Black "Ofitserian, Boris"]
[Result "1-0"]
[WhiteElo "2354"]
[BlackElo "2421"]
[Annotator "TA"]
[PlyCount "51"]
[EventDate "2018.??.??"]
[EventCountry "RUS"]
[SourceTitle "playchess.com"]
[Source "ChessBase"]
[SourceQuality "1"]

{[%evp 26,51,0,0,155,154,379,348,355,351,695,728,794,779,784,772,906,858,858,858,908,596,1290,1270,1577,1515,2190,2159]} 1. e4 c5 2. Nf3 d6 3. d4 cxd4 4. Nxd4 Nf6 5. Nc3 a6 6. Bg5 Nbd7 7. f4 Qc7 8. Qf3 b5 9. O-O-O Bb7 10. Bd3 e6 11. Rhe1 h6 {B96: Sicilian Najdorf: 6 Bg5 e6 7 f4, lines other than 7...Qb6 and 7...Be7} (11... Qb6 12. Bxf6 Nxf6 13. f5 b4 14. Nce2 e5 15. Nb3 h5 16. Kb1 Be7 17. Nd2 Rc8 18. Nc4 Rxc4 19. Bxc4 Bxe4 20. Qb3 O-O {½-½ (39) Jakovenko,D (2735)-Gelfand,B (2731) Ashdod 2015}) 12. Bh4 Be7 13. Qg3 g5 14. fxg5 {LiveBook: 6 Games} Rg8 $2 {[#]} ({Black should try} 14... hxg5 $11 15. Bxg5 (15. Qxg5 b4 $17) 15... b4) 15. g6 $1 $16 {[%cal Rg6f7]} b4 $146 (15... Rxg6 $16 16. Nxe6 Qc8) ({Predecessor:} 15... O-O-O 16. Qh3 Rxg6 17. Nxe6 fxe6 18. e5 Rg4 19. Bxf6 Bxf6 20. exf6 Nxf6 21. Rxe6 Bxg2 22. Qxh6 {1-0 (46) Hoffmann,M (2476)-Karavade,E (2355) Budapest 2005}) 16. gxf7+ Kxf7 17. Qh3 Nc5 $2 (17... bxc3 18. Qxe6+ Ke8) 18. Bc4 $18 {[%cal Bd3c4,Bc4d5,Bd5c6][%mdl 32] White is clearly winning.} Bc8 19. Rf1 Rg6 20. Nce2 d5 21. exd5 exd5 22. Bxd5+ Ke8 23. Bc6+ Kf7 24. Qe3 Ra7 25. Nf4 Rg4 26. Bxf6 {Precision: White = 84%, Black = 12%.} 1-0

[Event "RUS-chT Premier League 2018"]
[Site "Sochi"]
[Date "2018.05.10"]
[Round "9"]
[White "Natacheev, Peter"]
[Black "Zvjaginsev, Vadim"]
[Result "0-1"]
[WhiteElo "2243"]
[BlackElo "2625"]
[Annotator "TA"]
[PlyCount "84"]
[EventDate "2018.??.??"]
[EventCountry "RUS"]
[SourceTitle "playchess.com"]
[Source "ChessBase"]
[SourceQuality "1"]

{[%evp 12,84,15,-9,1,-4,27,24,30,27,23,12,25,2,23,12,32,-9,0,-22,-18,-11,-14,-21,-17,-20,-16,-17,-12,-42,-20,-20,-24,-25,-8,0,0,-2,12,-18,-16,-18,8,-52,-30,-67,-67,-108,-108,-108,-104,-108,-112,-164,-164,-171,-160,-179,-171,-129,-102,-412,-412,-412,-412,-406,-399,-648,-644,-799,-790,-859,-814,-778,-766]} 1. c4 g6 2. Nf3 Bg7 3. g3 b6 4. Bg2 Bb7 5. Nc3 Nf6 6. O-O O-O 7. d3 d6 {A15: English Opening: 1...Nf6} (7... d5 8. cxd5 Nxd5 9. Bd2 c5 10. Rc1 Nc6 11. Qa4 e6 12. a3 Nd4 13. Nxd4 Bxd4 14. b4 Nxc3 15. Bxc3 Bxg2 16. Kxg2 {½-½ (34) Erdogdu,M (2445)-Benidze,D (2515) Kocaeli 2017}) 8. Bg5 h6 9. Bd2 Qc8 {White has an edge.} 10. Qc1 $146 Kh7 11. e4 Nbd7 {[%cal Bb8d7,Bd7e5,Be5c6,Bc6d4][%mdl 32]} 12. Re1 Ne5 13. Qc2 Nfd7 14. Rad1 c5 15. Nd5 e6 {Strongly threatening ...Nxf3+.} 16. Ne3 Nc6 17. Bc3 Nd4 18. Qd2 a5 19. Nc2 {[%cal Rf3d4]} e5 20. Ne3 Qd8 21. Nd5 Bxd5 22. cxd5 Nxf3+ 23. Bxf3 b5 {[%cal Bb6b5,Bb5b4][%mdl 32] ...b4 is the strong threat.} 24. Qe2 f5 {[%cal Bf7f5,Bf5f4][%mdl 32]} 25. a4 b4 $36 {[%mdl 2048] Black has some pressure.} 26. Bd2 f4 27. Bg2 (27. Kh1 $11) 27... h5 28. b3 Bh6 29. Rf1 {[#]} c4 $1 30. dxc4 Nc5 31. gxf4 Bxf4 ({Don't play} 31... Nxb3 $6 32. fxe5 Bxd2 33. Rxd2 $11) 32. Bxf4 (32. Rb1 $17 {is a better defense.}) 32... Rxf4 $19 33. Qe3 Qh4 34. Rfe1 Raf8 {[%cal Rf4f2]} 35. Rd2 Qf6 36. Kf1 $2 {[%mdl 8192] [#]} (36. Rb2 $17 {is more resistant.}) 36... Nxb3 $1 {[%mdl 512]} 37. Rb2 (37. Qxb3 Rxf2+) 37... Nc5 38. Kg1 Qh4 39. Ra2 $2 (39. Rbe2) 39... b3 {Black is clearly winning.} 40. Rae2 {[#]} Rxf2 $1 {[%mdl 512]} 41. Qc3 (41. Rxf2 Qxf2+) 41... Rxe2 42. Rxe2 Qd8 {Precision: White = 37%, Black = 60%.} 0-1

[Event "RUS-chT Premier League 2018"]
[Site "Sochi"]
[Date "2018.05.10"]
[Round "9"]
[White "Yumakhuzhin, Vadim"]
[Black "Khanin, Semen"]
[Result "0-1"]
[WhiteElo "2184"]
[BlackElo "2477"]
[Annotator "TA"]
[PlyCount "70"]
[EventDate "2018.??.??"]
[EventCountry "RUS"]
[SourceTitle "playchess.com"]
[Source "ChessBase"]
[SourceQuality "1"]

{[%evp 20,70,-29,-22,-27,-28,-26,-34,-30,-31,-30,-28,-29,-31,-27,-33,-31,-62,-50,-133,-141,-134,-135,-139,-139,-141,-133,-147,-129,-127,-120,-114,-119,-164,-115,-284,-300,-288,-208,-244,-165,-244,-235,-260,-269,-273,-264,-285,-233,-243,-207,-29997,-29998]} 1. d4 Nf6 2. Bf4 d5 3. e3 c5 4. c3 Nc6 5. Nf3 Qb6 6. Qb3 c4 7. Qc2 Bf5 8. Qc1 Nh5 {D02: 1 d4 d5 2 Nf3 sidelines, including 2...Nf6 3 g3 and 2...Nf6 3 Bf4} (8... h6 9. h3 e6 10. Nbd2 Be7 11. Be2 Qd8 12. Ne5 Nxe5 13. Bxe5 O-O 14. O-O b5 15. Re1 Ne4 16. Bf3 Ng5 17. Bd1 {½-½ (36) Stupak,K (2573)-Gelfand,B (2729) Tbilisi 2017}) 9. Bg3 Nxg3 10. hxg3 g6 11. Nbd2 {LiveBook: 5 Games} h5 12. Be2 $146 ({Predecessor:} 12. Nh4 Bg4 13. e4 e6 14. Qc2 Qc7 15. Be2 O-O-O 16. Bd1 dxe4 17. Qxe4 {0-1 (36) Owens,J (1410)-Puzone,M (2410) ICCF email 2014}) 12... Bg7 13. O-O O-O 14. Re1 Qc7 15. Nh4 Bd7 16. e4 e6 17. e5 g5 18. Nhf3 g4 $36 {[%mdl 2048] Black has the initiative.} 19. Nh2 {[#]} (19. Nh4 $15) 19... f6 $1 $17 {[%cal Rf6e5]} 20. exf6 Rxf6 21. Ndf1 Raf8 22. f4 b5 23. a3 Qb6 24. Kh1 a5 25. Bd1 Rh6 26. Ne3 Qd8 27. Bxg4 $2 (27. Qd2 $17) 27... hxg4 $19 28. Nexg4 Rh5 29. Kg1 Ne7 30. Qd1 (30. Ne5 $142) 30... Nf5 31. Qf3 {[#]} Nxd4 $1 {[%mdl 512]} 32. cxd4 Bxd4+ 33. Kh1 Kg7 ({But not} 33... Bxb2 34. Rab1 $17) 34. Rad1 e5 {White must now prevent ...e4.} 35. Nxe5 $2 {[#]} (35. Rxd4 $19 exd4 36. Kg1) 35... Rxh2+ $1 {[%mdl 512] Precision: White = 47%, Black = 81%.} 0-1